000 00621nam a2200217Ia 4500
005 20260429111909.0
008 260429s9999||||xx |||||||||||||| ||und||
020 _a9781041203148
041 _aEnglish
082 _a658.00285
_bTHA
100 _aThaichon, Park
245 0 _aArtificial intelligence for marketing management /
_cPark Thaichon
260 _aUnited Kingdom :
_bRoutledge,
_c2023.
300 _axi, 205 p.; hb
440 _aRoutledge studies in marketing
650 _a Artificial intelligence
650 _a Marketing management
650 _aManagement
700 _a Quach, Sara
942 _cTB
999 _c51322
_d51322